| 000 | 00375 a2200169 4500 | ||
|---|---|---|---|
| 001 | 169444 | ||
| 020 | _a | ||
| 040 | _cMagnum | ||
| 100 | _aBoulos Junior, Alfredo | ||
| 240 | 1 | 0 |
_a7 De setembro: independĂȘncia _lpor |
| 245 | 1 | 0 | _a7 De setembro: independĂȘncia |
| 300 | _a39 | ||
| 362 | 0 | _a1990 | |
| 440 | 1 | _aFTD | |
| 697 | _aLITERATURA INFANTO-JUVENIL | ||
| 942 | _cBK | ||
| 999 |
_c169444 _d169444 |
||